| 000 | 00955nam a2200253 a 4500 | ||
|---|---|---|---|
| 001 | 000004301 | ||
| 003 | DO-SdBNP | ||
| 005 | 20231109090821.0 | ||
| 008 | 231109b |||||||| |||| 00| 0 spa d | ||
| 040 |
_aDO-SdBNP _bspa _cBNPHU |
||
| 082 | 4 |
_a330.9729 _bM375c _222 |
|
| 100 | 1 |
_aMarte, Roberto _912699 |
|
| 245 | 1 | 0 |
_aCuba y la República Dominicana : _btransición económica en el Caribe del siglo XIX / _cRoberto Marte. |
| 260 |
_aSanto Dimingo : _bUniversidad APEC, _c[1988]. |
||
| 300 |
_a439 p. : _bil. ; _c22 cm. |
||
| 500 | _aIncluye índice | ||
| 500 | _aIncluye datos biográficos del autor en la contracubierta | ||
| 504 | _aIncluye referencias bibliográficas y notas al pie de las páginas | ||
| 590 | _aInventariado, 2018/ YL | ||
| 651 | 4 |
_aCuba _xCondiciones económicas _ySiglo XIX _912700 |
|
| 651 | 4 |
_aRepública Dominicana _xCondiciones económicas _ySiglo XIX _97414 |
|
| 910 | _aValidado. Control de calidad MFF | ||
| 942 |
_2ddc _cLBS1 |
||
| 999 |
_c4110 _d4110 |
||